<?xml version="1.0" encoding="UTF-8"?>
<marc:record xmlns:marc="http://www.loc.gov/MARC21/slim">
   <marc:leader>00000nam a2200000 a 4500</marc:leader>
   <marc:datafield ind1="1" ind2=" " tag="100">
      <marc:subfield code="a">Gilman, David</marc:subfield>
      <marc:subfield code="4">aut</marc:subfield>
      <marc:subfield code="e">Verfasser/-in</marc:subfield>
   </marc:datafield>
   <marc:datafield ind1="0" ind2="0" tag="245">
      <marc:subfield code="a">Danger-Zone</marc:subfield>
   </marc:datafield>
   <marc:datafield ind1="0" ind2="0" tag="245">
      <marc:subfield code="c">David Gilman. Aus dem Engl. von Silvia Morawetz und Werner Schmitz</marc:subfield>
   </marc:datafield>
   <marc:datafield ind1=" " ind2="1" tag="264">
      <marc:subfield code="a">Ravensburg</marc:subfield>
      <marc:subfield code="b">Ravensburger Buchverl.</marc:subfield>
      <marc:subfield code="c">2009</marc:subfield>
   </marc:datafield>
   <marc:datafield ind1="1" ind2=" " tag="520">
      <marc:subfield code="a">Angaben aus der Verlagsmeldung

Danger Zone 2: Der Code des Luzifer Danger Zone Band 2 / von David Gilman

Entsetzt beobachtet Max Gordon, wie ein vermummter Skifahrer auf einen anderen schießt und blitzschnell davonrast. Bevor der Sterbende seinen letzten Atemzug tut, presst er unter größter Anstrengung ein Wort hervor: "Luzifer". Max ahnt, dass dieses Wort ihn nicht nur zum Mörder des Mannes führen wird, sondern zugleich auch der Schlüssel zu einem furchtbaren Geheimnis ist ...
</marc:subfield>
   </marc:datafield>
   <marc:datafield ind1=" " ind2=" " tag="020">
      <marc:subfield code="a">9783473352968</marc:subfield>
      <marc:subfield code="9">9783473352968</marc:subfield>
   </marc:datafield>
   <marc:datafield ind1=" " ind2=" " tag="041">
      <marc:subfield code="a">ger</marc:subfield>
   </marc:datafield>
   <marc:datafield ind1=" " ind2=" " tag="300">
      <marc:subfield code="a">469 S.</marc:subfield>
   </marc:datafield>
</marc:record>
